| 000 | 01182nam a2200265 a 4500 | ||
|---|---|---|---|
| 001 | 1572 | ||
| 003 | BR-CuiBMT | ||
| 005 | 20231215220651.0 | ||
| 008 | 231215s2016 mtba 000 0 por d | ||
| 020 | _a9788579920912 | ||
| 040 |
_aBR-CuiBMT _cBR-CuiBMT |
||
| 080 |
_22007 _a73 |
||
| 090 |
_a73 _bD152 |
||
| 245 | 1 |
_aDalva de Barros 80 anos / _c[Adir Sodré ... et al., artistas convidados ; Gervane de Paula, curadoria]. |
|
| 246 | _aDalva de Barros, oitenta anos. | ||
| 260 |
_aCuiabá : _bEntrelinhas, _c2016. |
||
| 300 |
_a61 p. : _bprincipalmente il. color. ; _c23 cm |
||
| 500 | _aCatálogo da exposição realizada em Cuiabá, Galeria de Arte Lava Pés, de 29 de outubro de 2015 a 30 de março de 2016; em Rondonópolis - MT, Espaço Cultural Casario, de 20 de abril a 7 de maio de 2016 e em Primavera do Leste - MT, Secretaria Municipal de Cultura, de 12 de maio a 4 de junho de 2016. | ||
| 600 |
_aBarros, Dalva de, _d1935- _xexposições |
||
| 650 |
_aPintura brasileira _xexposições _yséc. XX |
||
| 650 |
_aPintura brasileira _xexposições _yséc. XXI |
||
| 700 |
_aSodré, Adir. _4...et al. |
||
| 700 |
_4curadoria _aPaula, Gervane de, _d1962- |
||
| 942 |
_2udc _cLV |
||
| 999 |
_c1572 _d1572 |
||